LEADER 01364nam 2200361 n 450 001 996394636403316 005 20200824121748.0 035 $a(CKB)4940000000123060 035 $a(EEBO)2248545083 035 $a(UnM)ocm99890518e 035 $a(UnM)99890518 035 $a(EXLCZ)994940000000123060 100 $a19880824d1700 uy 101 0 $aeng 135 $aurbn||||a|bb| 200 10$aBishop Cozens's argument, proving, that adultery works a dissolution of the marriage$b[electronic resource] $eBeing the substance of several of Bishop Cozens his speeches in the House of Lords, upon the debate of Lord Ross's case. Taken from original papers writ in the Bishop's own hand 210 $a[London $cs.n.$d1700] 215 $a4 p 300 $aCaption title. 300 $aImprint suggested by Wing. 300 $aReproduction of original in the British Library. 330 $aeebo-0018 606 $aAdultery$zEngland$vEarly works to 1800 606 $aImpediments to marriage$zEngland$vEarly works to 1800 615 0$aAdultery 615 0$aImpediments to marriage 700 $aCosin$b John$f1594-1672.$01004126 801 0$bCu-RivES 801 1$bCu-RivES 906 $aBOOK 912 $a996394636403316 996 $aBishop Cozens's argument, proving, that adultery works a dissolution of the marriage$92381906 997 $aUNISA LEADER 01813nas 2200517-a 450 001 996211939003316 005 20240104213018.0 011 $a2102-5452 035 $a(DE-599)ZDB2480619-5 035 $a(OCoLC)316026484 035 $a(CKB)110978979777333 035 $a(CONSER)--2012236354 035 $a(EXLCZ)99110978979777333 100 $a19810721a19789999 -a- - 101 0 $afre 135 $aurcnu|||||||| 181 $ctxt$2rdacontent 182 $cc$2rdamedia 183 $acr$2rdacarrier 200 00$aHistoire de l'éducation 210 $aParis $cDépartement de la recherche historique, documentaire et comparée de l'I.N.R.P.$d1978- 300 $aRefereed/Peer-reviewed 300 $a"Rédaction: Service d'histoire de l'éducation." 311 $a0221-6280 531 $aHISTOIRE DE LEDUCATION 531 $aHISTOIRE DE L?ÉDUCATION 531 $aHIST EDUC 606 $aEducation$zFrance$xHistory$vPeriodicals 606 $aÉducation$zFrance$xHistoire$vPériodiques 606 $aEducation$2fast$3(OCoLC)fst00902499 607 $aFrancja$2dbn 607 $aFrance$2fast$1https://id.oclc.org/worldcat/entity/E39PBJd8gD4vdtqQMdQHvYqbBP 608 $aCzasopismo pedagogiczne.$2dbn 608 $aHistory.$2fast 608 $aPeriodicals.$2fast 608 $aPeriodicals.$2lcgft 615 0$aEducation$xHistory 615 6$aÉducation$xHistoire 615 7$aEducation. 676 $a370/.944 712 02$aInstitut national de recherche pédagogique (France).$bDépartement de la recherche historique, documentaire et comparée. 712 02$aInstitut national de recherche pédagogique (France).$bService d'histoire de l'éducation. 906 $aJOURNAL 912 $a996211939003316 996 $aHistoire de l'e?ducation$92127364 997 $aUNISA LEADER 01498oam 2200493zu 450 001 9910138797403321 005 20241212215738.0 010 $a9781509071890 010 $a150907189X 010 $a9781424447954 010 $a142444795X 035 $a(CKB)2400000000002493 035 $a(SSID)ssj0000453144 035 $a(PQKBManifestationID)12201915 035 $a(PQKBTitleCode)TC0000453144 035 $a(PQKBWorkID)10472733 035 $a(PQKB)11394433 035 $a(NjHacI)992400000000002493 035 $a(EXLCZ)992400000000002493 100 $a20160829d2009 uy 101 0 $aeng 135 $aur||||||||||| 181 $ctxt 182 $cc 183 $acr 200 10$a2009 IEEE International Conference on Automation and Logistics 210 31$a[Place of publication not identified]$cI E E E$d2009 215 $a1 online resource (2014 pages) $cillustrations (some color) 300 $aBibliographic Level Mode of Issuance: Monograph 311 08$a9781424447947 311 08$a1424447941 606 $aBusiness logistics$vCongresses 606 $aProduction management$vCongresses 606 $aAutomatic control$vCongresses 615 0$aBusiness logistics 615 0$aProduction management 615 0$aAutomatic control 676 $a658.8 702 $aIEEE Staff 801 0$bPQKB 906 $aPROCEEDING 912 $a9910138797403321 996 $a2009 IEEE International Conference on Automation and Logistics$92541663 997 $aUNINA